Paint style : the new approach to decorative paint finishes

Bibliographic Details
Main Author: Riva, Lesley
Format: Book
Published: New York : Firefly Books , 208
Subjects:

MARC

LEADER 00000cam a2200000 7i4500
001 0000025476
005 20090303.0
008 090303
020 |a 1554073766 
090 0 0 |a 747.3   |b RIV 
100 1 |a Riva, Lesley 
245 1 0 |a Paint style :   |b the new approach to decorative paint finishes   |c Lesley Riva 
260 |a New York :   |b Firefly Books ,   |c 208 
650 0 |a House painting   |x Amateurs' manuals 
650 0 |a Interior decoration   |x Amateurs' manuals 
650 0 |a Interior wall painting   |x Decoration   |x Amateurs' manuals 
650 0 |a Texture painting   |x Amateurs' manuals 
999 |a 0001041378   |b Book   |c Adult Collection   |e Perbadanan Perpustakaan Awam Johor